Регионална библиотека "Любен Каравелов" - Русе

Лувр. Париж (Запис номер 210270)

MARC детайли
000 -Лидер
Контролно поле с фиксирана дължина 01646nkm a2200409 c 4500
003 - Код на организацията, давaща контролен номер
Контролно поле BLK
005 - Дата и час на последна редакция
Контролно поле 20180422121050.0
008 - Елементи от данни с фиксирана дължина
fixed length control field 180412b bul rap|r|||| r0| ||bulo|
010 ## - Наследен системен номер
LC control number KNG00163796000
040 ## - Източник на каталожния запис
Идентификатор на билиотеката - собственик на записа BLK
041 ## - Код за език
Код за езика на текст/звукозапис или на отделно заглавие Руски
Код за езика КДБФ Руски
Други езици Френски
080 ## - УДК
Текстов определител УДК Живопис
УДК код - определител по УДК 75
УДК определител :069(44)
УДК - код + определител 75:069(44)
080 ## - УДК
Текстов определител УДК Музеи. Сбирки. Галерии. Постоянни изложби. Музеология Лит. върху спец.(отраслеви) музеи се класиф. в съответните отдели със съотношение, също и в 069.02
УДК код - определител по УДК 069
УДК определител (44)
УДК - код + определител 069(44)
139 ## - Редно поле
Редна дума Лувр. Париж
Авторски знак Лу - Л 85
245 10 - Сведения за заглавието
Заглавие Лувр. Париж
Редно поле (дума) авт.-состав. Юрий Константинович Золотов.
246 11 - Различни форми на заглавието
Паралелно заглавие Musee du Louvre. Paris
257 ## - Страна на издаване
Страна на създаване/издаване СССР
260 ## - Област на издателските данни
-- Москва
Име на издателя, разпространителя и проч. Изобраз. искусство
Година на издаване 1971
300 ## - Физическа характеристика
Страници 208 с.
Илюстрации и др. с ил.
Размери/Мащаб 31 см
380 ## - Жанр
Жанр Изкуство
490 1# - СЕРИИ (Колекции)
Име на серия Музеи мира
500 ## - Общи забележки
Забележка Списък на репрод. - 30 000 тир.
650 #4 - Допълнително описание по предмет – тема
Основно описание – тема или топоним Живопис
9 (RLIN) 155358
650 #4 - Допълнително описание по предмет – тема
Основно описание – тема или топоним Лувър
9 (RLIN) 160827
650 #4 - Допълнително описание по предмет – тема
Основно описание – тема или топоним Музеи - Франция
9 (RLIN) 277417
651 #4 - Допълнително описание по предмет - топоним
Географско понятие Франция
9 (RLIN) 179722
653 ## - Ключова дума – ненормативна
Ключова дума живопис
653 ## - Ключова дума – ненормативна
Ключова дума Лувър
653 ## - Ключова дума – ненормативна
Ключова дума Париж
653 ## - Ключова дума – ненормативна
Ключова дума галерии
700 1# - Други автори (авторска отговорност)
Лично име Золотов, Юрий Константинович
Автороска отговорност (Описва отношението между автора и произведението) авт.-состав.
9 (RLIN) 387217
852 ## - Местоположение
Форматна сигнатура Цб Гр А ІІ 4630
856 4# - Електронен адрес и достъп
Електронен формат pdf - файл
Път до файла /url/
856 4# - Електронен адрес и достъп
Електронен формат pdf - файл
Път до файла /url/
942 ## - АРТИКУЛИ
Вид на библиотечния материал Графични издания
Скрит в OPAC Не
944 ## - СЪЗДАВАНЕ И РЕДАКЦИЯ на ЗАПИСА
Създаване/Редакция Създаване
Дата на регистрацията/редакция 25.07.2014
Статус, дата на статуса 25.07.2014 - от С1,Р / 25.07.2014
Служител, извършил регистрацията/редакцията Камелия_Данева
944 ## - СЪЗДАВАНЕ И РЕДАКЦИЯ на ЗАПИСА
Създаване/Редакция Редакция
Дата на регистрацията/редакция 25.07.2014
Статус, дата на статуса 25.07.2014 - от С1,Р / 25.07.2014
Служител, извършил регистрацията/редакцията
999 ## - СИСТЕМНИ КОНТРОЛНИ НОМЕРА
Koha biblionumber 210270
Koha biblioitemnumber 210270
Наличности
Код за отписване Код за изгубен артикул Източник на класификационната схема Код за повреда Коз за рестрикции Код за отдаване Артикулен № Име на библиотеката - собственик Име на библиотеката, в която се намира в момента Статус (Текущо местоположение) Дата на вписване в системата Местоположение - отдел Цена в лева Инвентарен номер Систематично азбучна сигнатура Баркод Номер на екземпляра Цена в евро Служебна бележка Служебен тип на артикула
  Не е изгубен Universal Decimal Classification Не е повреден без рестрикции заемане за дома 361801 Регионална библиотека "Любен Каравелов" Русе Регионална библиотека "Любен Каравелов" Русе Отдел Изкуство - подръчен фонд 1971-01-01 Отдел Изкуство - подръчен фонд 6.72 456290 75/Л 85 120000456290 1 3.44 Дост: Pk Вид: Ф N: стар фонд Дата: 01.01.1971 Дата инв: 03.06.2015 Бележки инв: ГрИ2015 Графични издания
Vip Innovations Ltd, Rousse, Bulgaria 2025